[Event "POL-ch Universities"]
[Site "Lublin"]
[Date "2024.02.24"]
[Round "8"]
[White "Walter, Szymon"]
[Black "Dalkowski, Rafal"]
[Result "1-0"]
[WhiteElo "2305"]
[BlackElo "2093"]
[PlyCount "105"]
[EventDate "2024.02.23"]
[EventType "swiss"]
[EventRounds "9"]
[EventCountry "POL"]
[SourceTitle "CB10_2024"]
[SourceDate "2024.03.06"]
[SourceVersion "1"]
[SourceVersionDate "2024.03.06"]
[SourceQuality "1"]

1. e4 c6 2. d4 d5 3. f3 dxe4 4. fxe4 e5 5. Nf3 Bg4 6. Bc4 Nd7 7. 0-0 Ngf6 8. c3 Bd6 9. Bg5 0-0 10. Nbd2 b5 11. Bb3 Qc7 12. Qe1 Bh5 13. Qh4 Bg6 14. Rae1 Rae8 15. dxe5 Nxe5 16. Bxf6 gxf6 17. Bc2 Nd7 18. Nd4 Bc5 19. N2f3 Re5 20. Qg3 Qb8 21. Kh1 Rh5 22. Qxb8 Nxb8 23. g4 Rh6 24. Kg2 Bd6 25. h4 Kh8 26. Kf2 Nd7 27. h5 Bxh5 28. gxh5 Rxh5 29. Rh1 Rxh1 30. Rxh1 Ne5 31. Nxe5 fxe5 32. Nf5 Bc5+ 33. Ke2 Rg8 34. Kf3 Rg6 35. Bb3 Kg8 36. Rd1 h5 37. Rd8+ Kh7 38. Rd7 Rg1 39. Rxf7+ Kh8 40. Rf6 Rf1+ 41. Kg3 Be3 42. Rxc6 Bf4+ 43. Kg2 Re1 44. Kf3 Rf1+ 45. Ke2 Rh1 46. Rc7 a5 47. Ne7 Rg1 48. Nf5 a4 49. Bf7 Rg2+ 50. Kf3 Rd2 51. Bxh5 Rd8 52. Ne7 Kg7 53. Nc6+ 1-0

[Event "POL-ch sf"]
[Site "Karpacz"]
[Date "2023.12.10"]
[Round "7"]
[White "Dalkowski, Rafal"]
[Black "Kazmierowski, Tymon"]
[Result "1/2-1/2"]
[WhiteElo "2090"]
[BlackElo "2094"]
[PlyCount "214"]
[EventDate "2023.12.04"]
[EventType "swiss"]
[EventRounds "9"]
[EventCountry "POL"]
[SourceTitle "CB50_2023"]
[SourceDate "2023.12.13"]
[SourceVersion "1"]
[SourceVersionDate "2023.12.13"]
[SourceQuality "1"]

1. d4 Nf6 2. c4 e6 3. Nf3 b6 4. g3 Ba6 5. Qc2 c5 6. d5 exd5 7. cxd5 Bb7 8. Bg2 Nxd5 9. 0-0 Nc6 10. Rd1 Be7 11. Qf5 Nf6 12. e4 g6 13. Qf4 0-0 14. e5 Nh5 15. Qg4 Qb8 16. Bh6 Re8 17. Qc4 Nd4 18. Nxd4 cxd4 19. Qxd4 Bxg2 20. Kxg2 Bc5 21. Qxd7 Qxe5 22. Nc3 Nf6 23. Qc6 Bxf2 24. Rf1 Ng4 25. Bf4 Qc5 26. Qf3 Ne3+ 27. Kxf2 Nxf1+ 28. Kxf1 Rad8 29. Rd1 Rxd1+ 30. Qxd1 Qc4+ 31. Kf2 Qc5+ 32. Kg2 Qc6+ 33. Qf3 Qxf3+ 34. Kxf3 f6 35. Be3 Kf7 36. Nb5 Re7 37. h4 Ke6 38. Ke4 Kd7+ 39. Kd3 Kc6 40. Nc3 Rd7+ 41. Bd4 g5 42. Ne4 gxh4 43. gxh4 f5 44. Nf6 Re7 45. h5 f4 46. Ne4 Re6 47. Nf6 Re7 48. h6 Re6 49. Nxh7 Rxh6 50. Nf6 Rh4 51. Be5 b5 52. Ke4 f3+ 53. Kxf3 Ra4 54. a3 b4 55. axb4 Rxb4 56. Ke3 Rh4 57. Kd3 Kc5 58. Bc3 Rh3+ 59. Kc2 Kb5 60. Kb3 Rg3 61. Ne4 Rh3 62. Nd6+ Kc5 63. Nf5 Kb5 64. Nd4+ Kc5 65. Nc2 Kb5 66. Na3+ Kb6 67. Kb4 Rh4+ 68. Nc4+ Kc6 69. Be1 Re4 70. Bf2 a6 71. b3 Rf4 72. Be3 Rf5 73. Bd4 Rf4 74. Be3 Rf5 75. Ka4 Rh5 76. Bd4 Rh4 77. Bc3 Rh5 78. Be1 Rf5 79. Bd2 Rh5 80. Na5+ Kb6 81. Be3+ Kc7 82. b4 Rf5 83. Nb3 Rf3 84. Bd4 Rd3 85. Nc5 Rd2 86. Nxa6+ Kc6 87. b5+ Kd5 88. Bc3 Ra2+ 89. Kb4 Rg2 90. Nc7+ Kd6 91. Ne8+ Kd7 92. Nf6+ Kc7 93. Nd5+ Kb7 94. Ne3 Rg3 95. Nc4 Rg4 96. Be5 Rg8 97. Na5+ Kb6 98. Bd4+ Kc7 99. b6+ Kb8 100. Be5+ Ka8 101. Kb5 Re8 102. Bd6 Rg8 103. Kc6 Rc8+ 104. Bc7 Rg8 105. Kb5 Rg5+ 106. Kc6 Rc5+ 107. Kd7 Rxa5 1/2-1/2

[Event "POL-chT 2nd League"]
[Site "Jastrzebia Gora"]
[Date "2023.09.08"]
[Round "7.51"]
[White "Chaczynski, Kamil"]
[Black "Dalkowski, Rafal"]
[Result "0-1"]
[WhiteElo "2165"]
[BlackElo "2079"]
[PlyCount "96"]
[EventDate "2023.09.02"]
[EventType "team-swiss"]
[EventRounds "9"]
[EventCountry "POL"]
[SourceTitle "EXT 2024"]
[Source "ChessBase"]
[SourceDate "2023.10.10"]
[SourceVersion "1"]
[SourceVersionDate "2023.10.10"]
[SourceQuality "1"]
[WhiteTeam "Zakrzewo Korona"]
[BlackTeam "Warszawa Czternastka"]
[WhiteTeamCountry "POL"]
[BlackTeamCountry "POL"]

1. e4 c5 2. Nf3 g6 3. c3 Bg7 4. d4 cxd4 5. cxd4 d5 6. e5 Bg4 7. Bb5+ Nd7 8. Nbd2 e6 9. 0-0 Ne7 10. h3 Bxf3 11. Nxf3 0-0 12. Re1 Rc8 13. Bg5 h6 14. Bd2 Nc6 15. Bd3 a6 16. Rc1 b5 17. Bb1 f5 18. exf6 Qxf6 19. Qe2 Rfe8 20. Qd3 Nf8 21. Ne5 Nxe5 22. dxe5 Qh4 23. f4 Qe7 24. b3 Qb7 25. Qd4 Rxc1 26. Rxc1 Rc8 27. Rxc8 Qxc8 28. Bd3 Kf7 29. Qa7+ Nd7 30. Kh1 Bf8 31. b4 Be7 32. Qe3 Qg8 33. g4 Qb8 34. Bc3 Qc8 35. a3 Nb6 36. Bd4 Nc4 37. Qc1 Qg8 38. Kh2 h5 39. f5 gxf5 40. gxf5 Qg5 41. Qf1 Nxa3 42. Bc5 Nc4 43. Bxe7 Kxe7 44. Qf2 Nxe5 45. Qc5+ Kf6 46. Qf8+ Nf7 47. fxe6 Qe5+ 48. Kh1 Qxe6 0-1

[Event "Warsaw Najdorf Memorial op-A"]
[Site "Warsaw"]
[Date "2023.07.12"]
[Round "2"]
[White "Gorkiewicz, Mateusz"]
[Black "Dalkowski, Rafal"]
[Result "1-0"]
[WhiteElo "2122"]
[BlackElo "2025"]
[PlyCount "71"]
[EventDate "2023.07.11"]
[EventType "swiss"]
[EventRounds "9"]
[EventCountry "POL"]
[SourceTitle "EXT 2024"]
[Source "ChessBase"]
[SourceDate "2023.10.10"]
[SourceVersion "1"]
[SourceVersionDate "2023.10.10"]
[SourceQuality "1"]

1. e4 c6 2. d4 d5 3. e5 Bf5 4. Nd2 e6 5. Nb3 Nd7 6. Nf3 Ne7 7. Be2 Rc8 8. 0-0 h6 9. a4 Bh7 10. a5 Nf5 11. c4 dxc4 12. Bxc4 Be7 13. Qe2 0-0 14. Bd2 b5 15. Bd3 a6 16. g4 Nh4 17. Bxh7+ Kxh7 18. Nxh4 Bxh4 19. Rac1 Kg8 20. f4 Qe7 21. Qg2 Nb8 22. g5 c5 23. Qg4 c4 24. Na1 Nc6 25. Qxh4 Nxd4 26. Qf2 Nf5 27. Nc2 Rfd8 28. Bb4 Qc7 29. Ne3 Nd4 30. Rcd1 Nc6 31. Bd6 Qxa5 32. gxh6 Qb6 33. hxg7 Nd4 34. Qh4 Kxg7 35. Qf6+ Kg8 36. Kf2 1-0

[Event "Warsaw Najdorf Memorial op-A"]
[Site "Warsaw"]
[Date "2023.07.11"]
[Round "1"]
[White "Mickiewicz, Piotr"]
[Black "Dalkowski, Rafal"]
[Result "1-0"]
[WhiteElo "2245"]
[BlackElo "2025"]
[PlyCount "81"]
[EventDate "2023.07.11"]
[EventType "swiss"]
[EventRounds "9"]
[EventCountry "POL"]
[SourceTitle "EXT 2024"]
[Source "ChessBase"]
[SourceDate "2023.10.10"]
[SourceVersion "1"]
[SourceVersionDate "2023.10.10"]
[SourceQuality "1"]

1. b3 d5 2. Bb2 Bg4 3. Nf3 Nd7 4. e3 Ngf6 5. h3 Bxf3 6. Qxf3 c6 7. c4 e6 8. Nc3 Bd6 9. d4 a6 10. Bd3 b5 11. 0-0 0-0 12. Qe2 Re8 13. cxb5 cxb5 14. f4 b4 15. Na4 Ne4 16. Rfc1 f5 17. Rc6 Ndf6 18. Rac1 g5 19. Nb6 Rb8 20. Nc8 g4 21. Bxe4 Nxe4 22. hxg4 Ng3 23. Qf3 Qh4 24. gxf5 Bxf4 25. exf4 exf5 26. Rh6 Qxh6 27. Qxg3+ Kh8 28. Na7 Re2 29. Qf3 Rxb2 30. Nc6 Rg8 31. Ne5 Qg7 32. g4 Qb7 33. g5 Rc8 34. Rc5 Rc2 35. Qh5 Rc1+ 36. Kh2 R1xc5 37. dxc5 Rxc5 38. Qe8+ Kg7 39. Nd7 Rc7 40. Qf8+ Kg6 41. Ne5+ 1-0

[Event "Bydgoszcz op-A"]
[Site "Bydgoszcz"]
[Date "2023.06.27"]
[Round "4"]
[White "Janeczko, Jakub"]
[Black "Dalkowski, Rafal"]
[Result "1/2-1/2"]
[WhiteElo "2202"]
[BlackElo "2017"]
[PlyCount "104"]
[EventDate "2023.06.24"]
[EventType "swiss"]
[EventRounds "9"]
[EventCountry "POL"]
[SourceTitle "CBM 215 Extra"]
[Source "ChessBase"]
[SourceDate "2023.09.30"]
[SourceVersion "1"]
[SourceVersionDate "2023.09.30"]
[SourceQuality "1"]

1. e4 c5 2. Nf3 g6 3. d4 cxd4 4. Nxd4 Nc6 5. c4 Nf6 6. Nc3 Nxd4 7. Qxd4 d6 8. f3 Bg7 9. Be3 0-0 10. Qd2 Be6 11. Rc1 a5 12. b3 Nd7 13. Be2 Nc5 14. 0-0 f5 15. exf5 gxf5 16. f4 Bd7 17. Bd4 Bc6 18. Bxg7 Kxg7 19. Qd4+ Kg8 20. Bf3 Qe8 21. Rce1 Qf7 22. Re3 Ne6 23. Qd2 Nc5 24. Qd4 Ne6 25. Qd2 Nc5 26. Rfe1 Bxf3 27. Rxf3 h6 28. Rfe3 Rfe8 29. Nd5 e6 30. Nc3 Rad8 31. Qd4 Kh7 32. Rg3 Rg8 33. Ree3 Rgf8 34. Rgf3 Qf6 35. Qxf6 Rxf6 36. Rf1 Kg7 37. Rd1 Rf7 38. Kf2 Kf6 39. Rh3 Rh7 40. Ke3 b6 41. Rd2 Ke7 42. Rh5 Nd7 43. a3 Nf6 44. Rh4 h5 45. Ne2 Rhh8 46. Nd4 Rc8 47. a4 Ne4 48. Rd1 Kf6 49. Nb5 Rcd8 50. Rh3 Ke7 51. Ke2 Rdg8 52. Kf1 Rg4 1/2-1/2

[Event "Bydgoszcz op-A"]
[Site "Bydgoszcz"]
[Date "2023.06.26"]
[Round "3"]
[White "Dalkowski, Rafal"]
[Black "Starosta, Martyna"]
[Result "1/2-1/2"]
[WhiteElo "2017"]
[BlackElo "2177"]
[PlyCount "69"]
[EventDate "2023.06.24"]
[EventType "swiss"]
[EventRounds "9"]
[EventCountry "POL"]
[SourceTitle "CBM 215 Extra"]
[Source "ChessBase"]
[SourceDate "2023.09.30"]
[SourceVersion "1"]
[SourceVersionDate "2023.09.30"]
[SourceQuality "1"]

1. d4 Nf6 2. c4 e6 3. Nf3 Bb4+ 4. Bd2 Qe7 5. Nc3 Bxc3 6. Bxc3 Ne4 7. Rc1 b6 8. e3 Bb7 9. Bd3 0-0 10. 0-0 Nxc3 11. Rxc3 c5 12. Bb1 d6 13. Qd3 f5 14. Nd2 e5 15. Rcc1 Nc6 16. d5 Nd8 17. f4 e4 18. Qc3 Rf6 19. g4 g6 20. g5 Rf8 21. Rf2 Nf7 22. Rg2 Rfb8 23. h4 b5 24. b3 b4 25. Qb2 Nh8 26. h5 Qg7 27. Qxg7+ Kxg7 28. h6+ Kf8 29. Bxe4 Re8 30. Bf3 Rxe3 31. Re2 Rae8 32. Kf2 Rxe2+ 33. Bxe2 Nf7 34. a3 a5 35. Ra1 1/2-1/2

[Event "Bydgoszcz op-A"]
[Site "Bydgoszcz"]
[Date "2023.06.24"]
[Round "1"]
[White "Dalkowski, Rafal"]
[Black "Fishchuk, Vladyslav"]
[Result "1-0"]
[WhiteElo "2017"]
[BlackElo "2276"]
[PlyCount "85"]
[EventDate "2023.06.24"]
[EventType "swiss"]
[EventRounds "9"]
[EventCountry "POL"]
[SourceTitle "CBM 215 Extra"]
[Source "ChessBase"]
[SourceDate "2023.09.30"]
[SourceVersion "1"]
[SourceVersionDate "2023.09.30"]
[SourceQuality "1"]

1. d4 Nf6 2. c4 e6 3. Nf3 d5 4. cxd5 exd5 5. Nc3 a6 6. Bg5 Be6 7. e3 Nbd7 8. Bd3 c6 9. Qb3 b5 10. Qc2 Bd6 11. 0-0 0-0 12. Bxh7+ Kh8 13. Bf5 Qe8 14. Ne2 Bxf5 15. Qxf5 Ne4 16. Rac1 Rc8 17. Bf4 Bxf4 18. Qxf4 f6 19. Ng3 g5 20. Qf5 Nd6 21. Qh3+ Kg7 22. Nf5+ Nxf5 23. Qxf5 Nb6 24. h4 gxh4 25. Nxh4 Rh8 26. Qg4+ Kf7 27. Nf5 Qd7 28. Qf4 Rcd8 29. Rc2 Nc4 30. Rfc1 Rh5 31. Ng3 Rg5 32. b3 Na5 33. Qh4 Rdg8 34. Rc5 Qe6 35. Qf4 Ke8 36. e4 dxe4 37. Rxg5 fxg5 38. Qb8+ Kd7 39. Qa7+ Kd6 40. Qc5+ Kd7 41. Qa7+ Kd6 42. Re1 Re8 43. Nxe4+ 1-0

[Event "POL-ch U20"]
[Site "Karpacz"]
[Date "2022.11.22"]
[Round "4"]
[White "Dalkowski, Rafal"]
[Black "Radzimski, Antoni"]
[Result "0-1"]
[WhiteElo "2084"]
[BlackElo "1766"]
[PlyCount "70"]
[EventDate "2022.11.19"]
[EventType "swiss"]
[EventRounds "9"]
[EventCountry "POL"]
[SourceTitle "EXT 2024"]
[Source "ChessBase"]
[SourceDate "2023.10.10"]
[SourceVersion "1"]
[SourceVersionDate "2023.10.10"]
[SourceQuality "1"]

1. Nf3 d5 2. c4 d4 3. b4 Nf6 4. g3 c5 5. Bg2 cxb4 6. a3 b3 7. d3 Nc6 8. Nbd2 e5 9. 0-0 Be7 10. Nxb3 a5 11. Rb1 0-0 12. Nbd2 Nd7 13. Ne1 Nc5 14. Ne4 Qc7 15. Nxc5 Bxc5 16. Nf3 Bf5 17. Nd2 Kh8 18. Qb3 Rab8 19. Qb5 Na7 20. Qa4 b6 21. Ne4 Bxe4 22. Bxe4 f5 23. Bd5 Nc8 24. Qc6 Qe7 25. Qa4 Nd6 26. Kh1 f4 27. gxf4 exf4 28. Bf3 Qh4 29. Qd7 Nf5 30. Rg1 Rbd8 31. Qb7 g5 32. Rg4 Qxf2 33. Rxg5 Qf1+ 34. Rg1 Ng3+ 35. hxg3 Qh3# 0-1

[Event "POL-chT 2nd League"]
[Site "Jastrzebia Gora"]
[Date "2022.09.06"]
[Round "4.55"]
[White "Okrucinski, Tadeusz"]
[Black "Dalkowski, Rafal"]
[Result "0-1"]
[WhiteElo "2182"]
[BlackElo "2033"]
[PlyCount "55"]
[EventDate "2022.09.03"]
[EventType "team-swiss"]
[EventRounds "9"]
[EventCountry "POL"]
[SourceTitle "CBM 210 Extra"]
[Source "ChessBase"]
[SourceDate "2022.11.30"]
[SourceVersion "1"]
[SourceVersionDate "2022.11.30"]
[SourceQuality "1"]
[WhiteTeam "Gdansk Korona"]
[BlackTeam "Warszawa Czternastka"]
[WhiteTeamCountry "POL"]
[BlackTeamCountry "POL"]

1. d4 d5 2. c4 dxc4 3. Nf3 Nf6 4. e3 e6 5. Bxc4 a6 6. a4 c5 7. 0-0 b6 8. Qe2 Bb7 9. Rd1 Qc7 10. Nc3 Nbd7 11. e4 cxd4 12. Nxd4 Ne5 13. Ba2 Neg4 14. g3 Bc5 15. Bf4 e5 16. Nd5 Qb8 17. Nxf6+ Nxf6 18. Nf5 exf4 19. b4 Bxf2+ 20. Qxf2 fxg3 21. Nxg7+ Ke7 22. Nf5+ Kf8 23. Nxg3 Qe5 24. Rf1 Rg8 25. Rad1 Qxe4 26. Qf3 Qxf3 27. Rxf3 Bxf3 28. Rf1 0-1

[Event "Warsaw Chess op-A"]
[Site "Warsaw"]
[Date "2022.07.23"]
[Round "7"]
[White "Dalkowski, Rafal"]
[Black "Darda, Roman"]
[Result "1/2-1/2"]
[WhiteElo "2120"]
[BlackElo "1963"]
[PlyCount "121"]
[EventDate "2022.07.18"]
[EventType "swiss"]
[EventRounds "9"]
[EventCountry "POL"]
[SourceTitle "CBM 209 Extra"]
[Source "ChessBase"]
[SourceDate "2022.09.30"]
[SourceVersion "1"]
[SourceVersionDate "2022.09.30"]
[SourceQuality "1"]

1. d4 f5 2. Nc3 Nf6 3. Bg5 g6 4. h4 Ne4 5. Nxe4 fxe4 6. h5 Bg7 7. hxg6 hxg6 8. Rxh8+ Bxh8 9. Qd2 d5 10. 0-0-0 Nc6 11. c3 Be6 12. f3 Bf5 13. g4 Be6 14. fxe4 Qd7 15. e5 Bxg4 16. Qf4 Bf5 17. Nf3 0-0-0 18. Nh4 Rg8 19. Bg2 e6 20. e4 dxe4 21. Bxe4 Ne7 22. Bh1 Nd5 23. Qd2 Nb6 24. b3 Bg7 25. a4 Bf8 26. Qg2 Ba3+ 27. Kd2 Nd5 28. Ke1 c6 29. Bd2 Bc2 30. Ra1 Be7 31. Nf3 Bxb3 32. a5 Bc4 33. Qg3 Qd8 34. Ng5 Bxg5 35. Bxg5 Qf8 36. Kd2 Qf5 37. Bxd5 Bxd5 38. Qf4 Rf8 39. Rf1 Rh8 40. Be7 Rh3 41. Bb4 g5 42. Qxf5 exf5 43. Rxf5 g4 44. Rg5 g3 45. e6 Bxe6 46. Bd6 Rh2+ 47. Kd3 Ra2 48. Bxg3 Bd5 49. Rg7 Rxa5 50. Rc7+ Kd8 51. Rxb7 Ra3 52. Bd6 Ra1 53. Bb4 Ra2 54. Bc5 Kc8 55. Re7 a5 56. c4 Bg2 57. Bd6 Bf1+ 58. Kc3 Ra4 59. Rc7+ Kd8 60. Rxc6 Kd7 61. d5 1/2-1/2

[Event "Warsaw Najdorf Memorial op-A"]
[Site "Warsaw"]
[Date "2022.07.17"]
[Round "9"]
[White "Sowul, Bartosz"]
[Black "Dalkowski, Rafal"]
[Result "1-0"]
[WhiteElo "2283"]
[BlackElo "2120"]
[PlyCount "85"]
[EventDate "2022.07.09"]
[EventType "swiss"]
[EventRounds "9"]
[EventCountry "POL"]
[SourceTitle "CBM 209 Extra"]
[Source "ChessBase"]
[SourceDate "2022.09.30"]
[SourceVersion "1"]
[SourceVersionDate "2022.09.30"]
[SourceQuality "1"]

1. e4 c6 2. d4 d5 3. exd5 cxd5 4. Nf3 Nf6 5. Ne5 e6 6. Bb5+ Bd7 7. Nxd7 Nbxd7 8. c3 Bd6 9. Nd2 0-0 10. 0-0 Qc7 11. g3 a6 12. Bd3 b5 13. a3 Rfb8 14. Re1 a5 15. Nf3 Qc6 16. Qe2 b4 17. Ne5 Bxe5 18. dxe5 Ne8 19. cxb4 axb4 20. a4 Nc7 21. b3 Qc3 22. Bb2 Qc5 23. Rac1 Qb6 24. Bxh7+ Kxh7 25. Qc2+ Kh6 26. Qxc7 Rb7 27. Qc2 Nf8 28. h4 g6 29. Rcd1 Nd7 30. h5 Rg8 31. Rd4 Nc5 32. hxg6 Ne4 33. Bc1+ Kg7 34. Be3 Qd8 35. Qc1 fxg6 36. Bh6+ Kh7 37. Rexe4 g5 38. Bxg5 Rxg5 39. Rh4+ Kg8 40. Qc6 Rb6 41. Qc2 Rb7 42. Rh6 Rc7 43. Qd3 1-0

[Event "Warsaw Najdorf Memorial op-A"]
[Site "Warsaw"]
[Date "2022.07.13"]
[Round "5"]
[White "Danielyan, Vahe"]
[Black "Dalkowski, Rafal"]
[Result "1-0"]
[WhiteElo "2295"]
[BlackElo "2120"]
[PlyCount "65"]
[EventDate "2022.07.09"]
[EventType "swiss"]
[EventRounds "9"]
[EventCountry "POL"]
[SourceTitle "CBM 209 Extra"]
[Source "ChessBase"]
[SourceDate "2022.09.30"]
[SourceVersion "1"]
[SourceVersionDate "2022.09.30"]
[SourceQuality "1"]

1. e4 c5 2. Nf3 g6 3. d4 cxd4 4. Nxd4 Nc6 5. c4 Nf6 6. Nc3 Nxd4 7. Qxd4 d6 8. Be3 Bg7 9. Be2 0-0 10. Qd2 Be6 11. 0-0 Qa5 12. Rac1 Rfc8 13. b3 a6 14. f4 b5 15. f5 Bd7 16. c5 b4 17. Nd5 Nxd5 18. Qxd5 Bc6 19. Qc4 Bb5 20. Qc2 dxc5 21. Bc4 Bxc4 22. Qxc4 gxf5 23. Rxf5 e6 24. Rg5 Kh8 25. Rf1 Ra7 26. e5 Bh6 27. Qh4 Bxg5 28. Bxg5 f5 29. Bf6+ Kg8 30. Rf3 Kf8 31. Rg3 Rcc7 32. Qg5 Ke8 33. Rd3 1-0

[Event "Warsaw Najdorf Memorial op-A"]
[Site "Warsaw"]
[Date "2022.07.09"]
[Round "1"]
[White "Gasiorek, Dariusz"]
[Black "Dalkowski, Rafal"]
[Result "1-0"]
[WhiteElo "1854"]
[BlackElo "2120"]
[PlyCount "97"]
[EventDate "2022.07.09"]
[EventType "swiss"]
[EventRounds "9"]
[EventCountry "POL"]
[SourceTitle "CBM 209 Extra"]
[Source "ChessBase"]
[SourceDate "2022.09.30"]
[SourceVersion "1"]
[SourceVersionDate "2022.09.30"]
[SourceQuality "1"]

1. d4 Nf6 2. c4 c5 3. d5 b5 4. cxb5 a6 5. bxa6 Bxa6 6. Nc3 d6 7. e4 Bxf1 8. Kxf1 g6 9. g3 Bg7 10. Kg2 0-0 11. Nge2 Nbd7 12. Rb1 Qa5 13. b3 Rfb8 14. Bd2 Qa6 15. a4 Qd3 16. Bf4 Qxd1 17. Rhxd1 Rb4 18. f3 c4 19. bxc4 Rxc4 20. Rb7 Kf8 21. Rdb1 Rcc8 22. Be3 Nc5 23. Bxc5 Rxc5 24. Rb8+ Rc8 25. Rxa8 Rxa8 26. Rb4 Nd7 27. Nd4 Nc5 28. Ndb5 e6 29. dxe6 fxe6 30. Rc4 Ke7 31. Kf2 h5 32. Ke3 h4 33. f4 g5 34. e5 hxg3 35. hxg3 gxf4+ 36. gxf4 Kd7 37. Nxd6 Na6 38. Ncb5 Bf8 39. Kd4 Bxd6 40. Nxd6 Nc7 41. Nb7 Rf8 42. Ke4 Ra8 43. Nc5+ Ke7 44. Rd4 Ke8 45. Rd6 Ra5 46. Rc6 Ra7 47. a5 Rxa5 48. Rxc7 Rb5 49. Rc6 1-0

[Event "Warsaw Maciei Memorial"]
[Site "Warsaw"]
[Date "2022.07.08"]
[Round "11"]
[White "Dalkowski, Rafal"]
[Black "Czernek, Tymon"]
[Result "1-0"]
[WhiteElo "2120"]
[BlackElo "2188"]
[PlyCount "153"]
[EventDate "2022.07.08"]
[EventType "swiss (blitz)"]
[EventRounds "11"]
[EventCountry "POL"]
[SourceTitle "CBM 209 Extra"]
[Source "ChessBase"]
[SourceDate "2022.09.30"]
[SourceVersion "1"]
[SourceVersionDate "2022.09.30"]
[SourceQuality "1"]

1. d4 Nf6 2. c4 g6 3. Nc3 Bg7 4. e4 d6 5. Be2 0-0 6. Bg5 h6 7. Be3 e5 8. d5 a5 9. g4 Ne8 10. Qd2 Kh7 11. h4 Na6 12. 0-0-0 Nc5 13. h5 g5 14. Nh3 Bf6 15. f3 a4 16. Nf2 b6 17. Nd3 Bd7 18. Kb1 Be7 19. Ka1 Qb8 20. Rc1 Nf6 21. Nb4 Qb7 22. Nb5 Be8 23. Rc3 Nfd7 24. Kb1 Nb8 25. Kc2 Nba6 26. Nxa6 Rxa6 27. Rb1 Ra8 28. Kc1 Bd7 29. Kd1 Rfd8 30. Ra1 c6 31. dxc6 Bxc6 32. Ke1 Ne6 33. Rd3 Qb8 34. Rd1 Bxb5 35. cxb5 Nf4 36. Rc3 Rc8 37. Rdc1 Rxc3 38. Qxc3 Qd8 39. Qc6 Ng2+ 40. Kf2 Nxe3 41. Kxe3 d5 42. exd5 Bc5+ 43. Rxc5 bxc5 44. Bd3+ Kg7 45. d6 Rc8 46. Qd5 Qf6 47. Bf5 Rd8 48. d7 e4 49. Qxc5 exf3 50. Qc3 Qxc3+ 51. bxc3 Kf6 52. c4 Ke5 53. c5 Kd5 54. c6 Kd6 55. Kxf3 Kc7 56. Ke4 Rb8 57. Ke5 Rxb5+ 58. Kf6 Rb2 59. Ke7 Re2+ 60. Kxf7 Kd8 61. Be6 a3 62. Bc4 Re4 63. Be6 Re2 64. Bd5 Re5 65. Bb3 Re4 66. Be6 Re2 67. Kf6 Re3 68. Bd5 Re2 69. Kg6 Re5 70. Bb3 Re4 71. Kxh6 Rxg4 72. Kg6 Rg1 73. h6 g4 74. h7 Rh1 75. Kg7 g3 76. Bd5 Rh5 77. h8Q+ 1-0

[Event "Warsaw Maciei Memorial"]
[Site "Warsaw"]
[Date "2022.07.08"]
[Round "6"]
[White "Dalkowski, Rafal"]
[Black "Pires, Emanuel Joao Robart"]
[Result "0-1"]
[WhiteElo "2120"]
[BlackElo "2062"]
[PlyCount "66"]
[EventDate "2022.07.08"]
[EventType "swiss (blitz)"]
[EventRounds "11"]
[EventCountry "POL"]
[SourceTitle "CBM 209 Extra"]
[Source "ChessBase"]
[SourceDate "2022.09.30"]
[SourceVersion "1"]
[SourceVersionDate "2022.09.30"]
[SourceQuality "1"]

1. d4 e6 2. c4 Nf6 3. Nf3 d5 4. Nc3 Be7 5. Bg5 0-0 6. e3 h6 7. Bh4 a6 8. cxd5 exd5 9. Bd3 Re8 10. h3 c6 11. Qc2 Nbd7 12. 0-0 Ne4 13. Bxe7 Qxe7 14. Nd2 Ndf6 15. Rae1 b5 16. f3 Ng3 17. Rf2 Nfh5 18. Nd1 Bd7 19. Nb3 Qg5 20. Nc5 Bc8 21. Kh2 a5 22. f4 Qh4 23. Nc3 b4 24. Ne2 Nf5 25. g3 Nhxg3 26. Nxg3 Qxg3+ 27. Kh1 Rxe3 28. Rxe3 Nxe3 29. Qd2 Bxh3 30. f5 Re8 31. f6 Ng4 32. Rf4 Re1+ 33. Qxe1 Qg2# 0-1

[Event "POL-ch U18"]
[Site "Sypniewo"]
[Date "2022.03.24"]
[Round "6"]
[White "Dalkowski, Rafal"]
[Black "Czernek, Tymon"]
[Result "0-1"]
[WhiteElo "2138"]
[BlackElo "2229"]
[PlyCount "68"]
[EventDate "2022.03.19"]
[EventType "swiss"]
[EventRounds "9"]
[EventCountry "POL"]
[SourceTitle "CBM 207 Extra"]
[Source "ChessBase"]
[SourceDate "2022.05.31"]
[SourceVersion "1"]
[SourceVersionDate "2022.05.31"]
[SourceQuality "1"]

1. d4 Nf6 2. c4 g6 3. Nc3 Bg7 4. e4 d6 5. Be2 0-0 6. Bg5 h6 7. Be3 e5 8. d5 Ne8 9. g4 c6 10. Qd2 Kh7 11. h4 cxd5 12. cxd5 f5 13. gxf5 gxf5 14. exf5 Bxf5 15. Nh3 Qd7 16. Bd3 Na6 17. 0-0-0 Rc8 18. Kb1 Nb4 19. Ne4 Nxd3 20. Qxd3 Kh8 21. Nhg5 hxg5 22. hxg5+ Kg8 23. Ka1 Bg6 24. Rh4 Nc7 25. Qe2 Na6 26. Nf6+ Bxf6 27. gxf6 Qf5 28. Rg1 Kf7 29. Qb5 Rc7 30. a3 Rfc8 31. f4 Rc1+ 32. Rxc1 Rxc1+ 33. Ka2 Qb1+ 34. Kb3 Qc2+ 0-1

[Event "POL-ch U20"]
[Site "Pokrzywna"]
[Date "2021.12.13"]
[Round "9"]
[White "Dalkowski, Rafal"]
[Black "Rog, Bartlomiej"]
[Result "0-1"]
[WhiteElo "2126"]
[BlackElo "2075"]
[PlyCount "36"]
[EventDate "2021.12.06"]
[EventType "swiss"]
[EventRounds "9"]
[EventCountry "POL"]
[SourceTitle "CBM 205 Extra"]
[Source "ChessBase"]
[SourceDate "2022.01.31"]
[SourceVersion "1"]
[SourceVersionDate "2022.01.31"]
[SourceQuality "1"]

1. d4 Nf6 2. c4 e6 3. Nf3 d5 4. Nc3 Bb4 5. cxd5 exd5 6. Qa4+ Nc6 7. Bg5 h6 8. Bh4 Bd7 9. Qc2 g5 10. Bg3 g4 11. Nh4 Nxd4 12. Qd3 Nb5 13. 0-0-0 Bxc3 14. bxc3 Qe7 15. Kb1 Ne4 16. Rc1 Qf6 17. Kb2 0-0-0 18. a4 Nc5 0-1